SYMPTOM ORIENTED PAIN MANAGEMENT (Record no. 14228)
[ view plain ]
| 000 -LEADER | |
|---|---|
| fixed length control field | 00287nam a22001337a 4500 |
| 003 - CONTROL NUMBER IDENTIFIER | |
| control field | SGT |
| 082 ## - DEWEY DECIMAL CLASSIFICATION NUMBER | |
| Classification number | 616.0757 |
| Item number | S17B |
| 100 ## - MAIN ENTRY--PERSONAL NAME | |
| Personal name | BAHETI,DWARKADAS K |
| 245 ## - TITLE STATEMENT | |
| Title | SYMPTOM ORIENTED PAIN MANAGEMENT |
| 250 ## - EDITION STATEMENT | |
| Edition statement | 2ND |
| 260 ## - PUBLICATION, DISTRIBUTION, ETC. (IMPRINT) | |
| Place of publication, distribution, etc | INDIA |
| Name of publisher, distributor, etc | JAYPEE |
| Year of Publication | 2017 |
| 300 ## - PAGE DESCRIPTION | |
| No. of Pages | 508 |
| 942 ## - ADDED ENTRY ELEMENTS (KOHA) | |
| Source of classification or shelving scheme | Dewey Decimal Classification |
| Koha item type | Books |
| Withdrawn status | Lost status | Source of classification or shelving scheme | Damaged status | Not for loan | Collection code | Home library | Current library | Shelving location | Date acquired | Vendor Name | Cost, normal purchase price | SGTU | Bill Number | Total Checkouts | Full call number | Accession No. (Barcode) | Date last seen | Bill Date | Koha item type |
|---|---|---|---|---|---|---|---|---|---|---|---|---|---|---|---|---|---|---|---|
| Dewey Decimal Classification | MEDICAL | SGT Medical Library | SGT Medical Library | Text Book | 26/12/2017 | ABC DELHI | 1425.00 | SGTU | 8707 | 616.0757 S17B | FM9151 | 26/12/2017 | 08/08/2017 | Books | |||||
| Dewey Decimal Classification | MEDICAL | SGT Medical Library | SGT Medical Library | Text Book | 26/12/2017 | ABC DELHI | 1425.00 | SGTU | 8707 | 616.0757 S17B | FM9152 | 26/12/2017 | 08/08/2017 | Books | |||||
| Dewey Decimal Classification | MEDICAL | SGT Medical Library | SGT Medical Library | Text Book | 26/12/2017 | ABC DELHI | 1425.00 | SGTU | 8707 | 616.0757 S17B | FM9153 | 26/12/2017 | 08/08/2017 | Books |